• 首页
  • 本馆介绍
  • 公告通知
  • 最新文献
  • 馆藏检索
  • 电子资源
  • 读者导购
  • 参考咨询
  • 我的图书馆
  • 登录
  • 详细信息显示
  • 放入我的书架
  • 预约/预借图书
  • 作者相关作品
  • 分类相关作品
  • 丛书相关作品
  • 出版社相关作品

书目信息

  • 表格格式
  • 工作单格式
  • 卡片格式
题名:
吉鸿昌
    
 
作者: 陈立德 著
分册:  
出版信息: 北京   中国电影出版社  1980
页数: 143页
开本: 19cm
丛书名:
单 册:
中图分类: I235.1
科图分类:
主题词: 电影文学剧本--中国--现代
电子资源:
ISBN:
000 00606nam0 2200229 45
001 0180008303
005 20060804152552.96
010    @dCNY0.38
091    @aCN@b10061.327
100    @a19950531d1980 em y0chiy0121 ea
101 0  @achi
102    @aCN@b110000
105    @ay z 000by
200 10 @a吉鸿昌@Aji hong chang@e电影文学剧本@f陈立德著
210    @a北京@c中国电影出版社@d1980
215    @a143页@d19cm
606    @a电影文学剧本@y中国@z现代
690    @aI235.1@v3
701  0 @a陈立德@Achen li de@4著
801  2 @aCN@bNLC@c20060804
801  0 @aCN@bTSSF@c20060801
905    @a10447@dI235.1@e132
    
    吉鸿昌:电影文学剧本/陈立德著.-北京:中国电影出版社,1980
    143页;19cm
    
    
    ISBN :CNY0.38
    
●
相关链接 在E读中查询图书 在五车中查询图书 在当当中查询图书 在豆瓣中查询图书


正题名:吉鸿昌     索取号:I235.1/132         预约/预借

序号 登录号 条形码 馆藏地/架位号 状态 备注
1 0427999   204279994   密集书库/ [索取号:I235.1/132] 在馆    
2 0429341   204293415   密集书库/ [索取号:I235.1/132] 在馆    
3 0443239   204432391   密集书库/ [索取号:I235.1/132] 在馆    
4 0443240   204432408   密集书库/ [索取号:I235.1/132] 在馆    
唐山师范学院图书馆 欢迎您!
大连网信软件有限公司© 版权所有